000 00544nam a2200181Ia 4500
005 20250423101235.0
008 250422s9999 xx 000 0 und d
020 _a9781802208597
050 _aHX 289.7 .G73/
100 _aWilliam K. Carroll.
245 4 _aThe Elgar companion to Antonio Gramsci
260 _aCheltenham
260 _b Edward Elgar Publishing
260 _c2024
300 _axi. 473p. : ill.
650 _aGramsci, Antonio, 1891-1937. Communism--Italy--History. Hegemony. Capitalism--Political aspects.
942 _cBK
999 _c35716
_d35716